000 00578nam a22001697a 4500
999 _c9689
_d9689
003 GBCCL
005 20241126110717.0
008 230501b ||||| |||| 00| 0 eng d
020 _a9788184655063
020 _a8184655061
040 _cGBC
082 _a261.88
_bTOW
245 _a Towards a global, Christian movement for eco-justice :
_byoung voices from North America /
_cShantha Ready Alonso (Editor)
260 _aDelhi, New York,
_bISPCK ; WSCF-North America Region,
_c2015
300 _axiv, 138 pages :
_billustrations (black and white) ;
_c22 cm
942 _2ddc
_cBK
_01